El liberalismo en Veracruz /

En este estudio Rafael Murillo Vidal nos muestra el pensamiento liberal veracruzano desde el siglo de las luces, el XVIII, hasta el triunfo de la República.

Guardado en:
Detalles Bibliográficos
Autor principal: Murillo Vidal, Rafael (autor)
Otros autores: Arriaga, Antonio (prólogo) (prólogo)
Formato: Libro
Idioma:Español
Colección:(Historia ; 1)
Temas:
Etiquetas: Agrega una etiqueta
Sin etiquetas, Sé el primero en etiquetar este registro!

MARC

LEADER 00000nam^a2200000^a^4500
001 000036957
005 20250521000000.0
009 20260310085407.635
037 |a Acervo ITESO - Biblioteca 
041 |a ESP 
082 |a 972. 62  |b MUR 
100 |a Murillo Vidal, Rafael  |e (autor) 
245 1 3 |a El liberalismo en Veracruz /  |c R. Murillo Vidal ; pról. de A. Arriaga. 
264 |a México :  |b Cultura y Ciencia Política,  |c 1970 
300 |a 45 p. 
336 |a texto  |b txt  |2 rdacontenido 
337 |a sin mediación  |b n  |2 rdamedio 
338 |a volumen  |b nc  |2 rdasoporte 
440 1 |a (Historia ;  |v 1) 
520 |a En este estudio Rafael Murillo Vidal nos muestra el pensamiento liberal veracruzano desde el siglo de las luces, el XVIII, hasta el triunfo de la República. 
649 |a XX 
650 |a Liberalismo -  |z Veracruz -  |x Historia 
650 |a Liberalismo -  |z México -  |x Historia 
650 |a Política -  |z Veracruz -  |x Historia 
650 |a Política -  |z México -  |x Historia 
650 |a Veracruz -  |x Historia 
650 |a México -  |x Historia 
700 |a Arriaga, Antonio  |e (prólogo) 
910 |a Fondo General 
920 |a Impresos - Libros 
930 |a Colección General 
905 |a 101 
901 |a 0369570100  |b IT1  |c ACC  |i 036957  |u 20250521 
902 |a https://opac.biblio.iteso.mx/vufind/Record/000036957